General insurance in India : (Record no. 71806)

MARC details
000 -LEADER
fixed length control field 00874nam a22002297a 4500
005 - DATE AND TIME OF LATEST TRANSACTION
control field 20121204111828.0
008 - FIXED-LENGTH DATA ELEMENTS--GENERAL INFORMATION
fixed length control field 121204t xxu||||| |||| 00| 0 eng d
010 ## - LCCN (DPL NO)
LC control number ENG-106256
020 ## - INTERNATIONAL STANDARD BOOK NUMBER
International Standard Book Number 9788184842241
Terms of availability 1180.00
035 ## - SYSTEM CONTROL NUMBER
System control number EN-89789
037 ## - SOURCE OF ACQUISITION
Source of stock number/acquisition DBAD/PUB
040 ## - CATALOGING SOURCE
Original cataloging agency DPL
Language of cataloging Eng
082 ## - DEWEY DECIMAL CLASSIFICATION NUMBER
Classification number 368.954
100 ## - MAIN ENTRY--PERSONAL NAME
Personal name Sharma, K.C.
9 (RLIN) 54009
245 ## - TITLE STATEMENT
Title General insurance in India :
Remainder of title principles and practices /
Statement of responsibility, etc by K.C. Sharma ; foreworded by A.K. Vashisht
260 ## - PUBLICATION, DISTRIBUTION, ETC. (IMPRINT)
Place of publication, distribution, etc New Delhi
Name of publisher, distributor, etc Regal Publications
Date of publication, distribution, etc 2013
270 ## - ADDRESS
Address F-159 Rajouri Garden
City New Delhi
Postal code 110027
300 ## - PHYSICAL DESCRIPTION
Extent xv,328p.
Dimensions 23cm(Hb)
500 ## - GENERAL NOTE
General note Includes bibliographical references and index
942 ## - ADDED ENTRY ELEMENTS (KOHA)
Source of classification or shelving scheme Dewey Decimal Classification
Item type English Books
Call number suffix SHA
Classification part 368.954
Holdings
Withdrawn status Lost status Source of classification or shelving scheme Damaged status Not for loan Collection code Home library Current library Date acquired Source of acquisition Cost, normal purchase price Total Checkouts Full call number Barcode Date last seen Copy number Cost, replacement price Koha item type
    Dewey Decimal Classification   Not For Loan Non-fiction D.B.Act.Division D.B.Act.Division 05/12/2012 DBAD/PUB 1180.00   368.954 SHA EN-89789 05/12/2012 1 1180.00 English Books

© Delhi Public Library
Hit Counter
free hit counter